Score 0/20 Timer 04:00
0 Plays Today
Hints 3-Letter Word % Correct
~Warmest Season~~SUM
91.4%
~Coldest Season~~WIN
91.1%
~Fall, in the USA~~AUT
90.6%
Break a commandment / X in Roman Numerals SIN 
85.9%
~Season of flowers in bloom~~SPR
84.1%
Our Star / Adult males SUN 
83.7%
Knighted male / Fluid used for writing SIR 
79.6%
A male child / Place where people go to drink SON 
79.1%
To join with stitching / Female underwear SEW 
78.4%
Female pig / Sound of a lamb SOW 
78.2%
Hints 3-Letter Word % Correct
Was victorious / Substance made from fossil fuel WON 
75.9%
Coitus / Irish terrorist organisation SEX 
75.3%
Half a dozen / To irritate SIX 
74.3%
To offer a price / Opposite of wet BID 
73.9%
Edge of an object / Fifth month RIM 
73.3%
Alcoholic beverage / To damage or spoil RUM 
71%
Conjunctive word / Container for ashes BUT 
70.5%
To remove / One of seven in a week RID 
68.4%
Nocturnal animal / Montevideo's home (abbreviation) BAT 
49.5%
Naughty / Sisqó's band ___ Hill BAD 
49.5%

Today's Daily Dose

Missing Word
'T' Pairs

Word Ladder
Game Pieces

Get the Picture
Baseball Movies

Remove Ads.
Support Sporcle.
Get the best of Sporcle when you Go Orange. This ad-free experience offers more features, more stats, and more fun while also helping to support Sporcle. Thank you for becoming a member.

You're not logged in!

Compare scores with friends on all Sporcle quizzes.
OR
Log In

Show Comments

Extras

Top Quizzes Today


Score Distribution

Your Account Isn't Verified!

In order to create a playlist on Sporcle, you need to verify the email address you used during registration. Go to your Sporcle Settings to finish the process.

Report this User

Report this user for behavior that violates our Community Guidelines.

Details: